Giáo trình tổ chức xí nghiệp nông nghiệp XHCN: T1
Tallennettuna:
| Aineistotyyppi: | Kirja |
|---|---|
| Kieli: | Undetermined |
| Julkaistu: |
Hà Nội
ĐH và THCN
1978
|
| Aiheet: | |
| Tagit: |
Lisää tagi
Ei tageja, Lisää ensimmäinen tagi!
|
| Thư viện lưu trữ: | Trung tâm Học liệu Trường Đại học Cần Thơ |
|---|
| LEADER | 00595nam a2200169Ia 4500 | ||
|---|---|---|---|
| 001 | CTU_5415 | ||
| 008 | 210402s9999 xx 000 0 und d | ||
| 082 | |a 335.412 | ||
| 082 | |b Gi108/T1 | ||
| 245 | 0 | |a Giáo trình tổ chức xí nghiệp nông nghiệp XHCN: T1 | |
| 245 | 0 | |c Nguyễn Đình Nam | |
| 260 | |a Hà Nội | ||
| 260 | |b ĐH và THCN | ||
| 260 | |c 1978 | ||
| 650 | |a agriculture - economic aspects,farm management,vietnam - economic policy - 1960 - 1986 | ||
| 904 | |i Nguyễn Quang Điền, 960716 | ||
| 980 | |a Trung tâm Học liệu Trường Đại học Cần Thơ | ||